ஈழத்துச் சிறுகதைத் தொகுப்புகள்: (Record no. 2724)
[ view plain ]
| 000 -LEADER | |
|---|---|
| fixed length control field | 008580000a22002170004500 |
| 003 - CONTROL NUMBER IDENTIFIER | |
| control field | LK-CoMWRAF |
| 005 - DATE AND TIME OF LATEST TRANSACTION | |
| control field | 20240331115348.0 |
| 008 - FIXED-LENGTH DATA ELEMENTS--GENERAL INFORMATION | |
| fixed length control field | 230817t1998 ||||| |||| 00| 0 eng d |
| 040 ## - CATALOGING SOURCE | |
| Original cataloging agency | LK-CoMWRAF |
| Modifying agency | LK-CoMWRAF |
| Description conventions | LK-CoMWRAF |
| 041 ## - LANGUAGE CODE | |
| Language code of text/sound track or separate title | Tamil |
| 082 ## - DEWEY DECIMAL CLASSIFICATION NUMBER | |
| Classification number | 894.811 |
| Item number | SIV |
| 942 ## - ADDED ENTRY ELEMENTS (KOHA) | |
| Koha item type | Books |
| 100 ## - MAIN ENTRY--PERSONAL NAME | |
| Personal name | சிவகுமாரன், கே.எஸ். |
| Personal name (Transliterated) | Sivakumaran, K.S |
| 245 ## - TITLE STATEMENT | |
| Title | ஈழத்துச் சிறுகதைத் தொகுப்புகள்: |
| Remainder of title | திறனாய்வு |
| 246 ## - VARYING FORM OF TITLE | |
| Title proper/short title | Eelathuch Chirukathaith Thohupuhal: thiranaaivu |
| 246 ## - VARYING FORM OF TITLE | |
| Title proper/short title | Sri Lankan short story collections: critical insights |
| 260 ## - PUBLICATION, DISTRIBUTION, ETC. (IMPRINT) | |
| Place of publication, distribution, etc. | Colombo: |
| Name of publisher, distributor, etc. | Author, |
| Date of publication, distribution, etc. | 1998 |
| 300 ## - PHYSICAL DESCRIPTION | |
| Extent | 154 p. |
| 490 ## - SERIES STATEMENT | |
| Series statement | பத்தி எழுத்துக்களும் பல் திரட்டுக்களும் |
| Volume/sequential designation | 3 |
| 650 ## - SUBJECT ADDED ENTRY--TOPICAL TERM | |
| Topical term or geographic name as entry element | LITERARY CRITICISM |
| Withdrawn status | Lost status | Damaged status | Not for loan | Permanent Location | Current Location | Date acquired | Full call number | Barcode | Koha item type |
|---|---|---|---|---|---|---|---|---|---|
| Resource center, Muslim Women's Research And Action Forum | Resource center, Muslim Women's Research And Action Forum | 2023-08-17 | 894.811 SIV | RAF5228 | Books |

